| Поле | Инд. | ПП | Название | Значение |
|---|---|---|---|---|
| Тип записи | a | |||
| Библиографический уровень | m | |||
| 001 | Контрольный номер | RU/IS/BASE/154198165 | ||
| 005 | Дата корректировки | 20221206102101.6 | ||
| 020 | 00 | a | ISBN | 0-675-01860-9 |
| 041 | 0_ | a | Код языка текста | eng |
| 084 | a | Индекс другой классификации/Индекс ББК | 63.3(0)я72; 63.5(0)я72; 26.9(0)я72 | |
| 090 | 00 | a | Полочн. индекс | 63.3(0)я72 |
| x | Авторский знак | G 79 | ||
| 097 | 00 | a | 230 | |
| 100 | 10 | a | Автор | Greenblatt M. |
| q | Полное имя | Greenblatt Miriam | ||
| 245 | 00 | a | Заглавие | Human Heritage |
| 260 | 00 | a | Место издания | Toronto; London |
| b | Издательство | Charles E.Merrill Publishing Company | ||
| c | Дата издания | 1985 | ||
| 300 | 00 | a | Объем | 696 с. |
| b | Иллюстрации/ тип воспроизводства | il. | ||
| 336 | a | Термин вида содержания | Текст | |
| 337 | a | Термин типа средства | непосредственный | |
| 500 | 00 | a | Примечание | На английском языке |
| 504 | 00 | a | Библиография | Appendix: p. 671. - Atlas: p. 672. - Glossary: p. 683. - Index: p. 689 |
| 600 | 14 | a | Персоналии | Кастро Фидель |
| a | Персоналии | Поло Марко | ||
| 650 | 04 | a | Основная рубрика | история |
| 653 | 00 | a | Ключевые слова | аборигены |
| a | Ключевые слова | англосаксы | ||
| a | Ключевые слова | буддизм | ||
| a | Ключевые слова | Великие географические открытия | ||
| a | Ключевые слова | верования | ||
| a | Ключевые слова | Византия | ||
| a | Ключевые слова | викинги | ||
| a | Ключевые слова | Возрождение (Ренессанс) | ||
| a | Ключевые слова | географические открытия | ||
| a | Ключевые слова | германцы | ||
| a | Ключевые слова | города | ||
| a | Ключевые слова | Древний Египет | ||
| a | Ключевые слова | древний мир | ||
| a | Ключевые слова | Древняя Греция | ||
| a | Ключевые слова | Европа | ||
| a | Ключевые слова | естествознание | ||
| a | Ключевые слова | идеология | ||
| a | Ключевые слова | империализм | ||
| a | Ключевые слова | индуизм | ||
| a | Ключевые слова | ислам (мусульманство) | ||
| a | Ключевые слова | историческая география | ||
| a | Ключевые слова | исторические памятники | ||
| a | Ключевые слова | Италия | ||
| a | Ключевые слова | колониализм | ||
| a | Ключевые слова | коммунизм | ||
| a | Ключевые слова | конфуцианство | ||
| a | Ключевые слова | Куба | ||
| a | Ключевые слова | культура | ||
| a | Ключевые слова | Месопотамия | ||
| a | Ключевые слова | монархизм | ||
| a | Ключевые слова | монастыри | ||
| a | Ключевые слова | монголо-татары | ||
| a | Ключевые слова | наука | ||
| a | Ключевые слова | новейшее время | ||
| a | Ключевые слова | новое время | ||
| a | Ключевые слова | норманны | ||
| a | Ключевые слова | общество | ||
| a | Ключевые слова | первобытное общество | ||
| a | Ключевые слова | первобытный человек | ||
| a | Ключевые слова | полисы (города-государства) | ||
| a | Ключевые слова | политика | ||
| a | Ключевые слова | работорговля | ||
| a | Ключевые слова | развивающиеся страны | ||
| a | Ключевые слова | революции | ||
| a | Ключевые слова | Реформация | ||
| a | Ключевые слова | речные цивилизации | ||
| a | Ключевые слова | Римская империя | ||
| a | Ключевые слова | Римская республика | ||
| a | Ключевые слова | Россия | ||
| a | Ключевые слова | русские | ||
| a | Ключевые слова | самураи | ||
| a | Ключевые слова | современное общество | ||
| a | Ключевые слова | средние века | ||
| a | Ключевые слова | страны "третьего мира" | ||
| a | Ключевые слова | страны мира | ||
| a | Ключевые слова | тоталитаризм | ||
| a | Ключевые слова | феодализм | ||
| a | Ключевые слова | франки | ||
| a | Ключевые слова | христианство | ||
| a | Ключевые слова | церкви | ||
| a | Ключевые слова | эллинизм | ||
| a | Ключевые слова | Япония | ||
| 655 | 00 | a | Жанр/ форма (устаревшее) | учебное пособие |
| 700 | 10 | a | Автор | Cox F. K. |
| q | Полное имя | Cox F.Kenneth | ||
| 700 | 10 | a | Автор | Seaberg S. S. |
| q | Полное имя | Seaberg Stanley S. | ||
| 720 | a | Наименование подборки | Кубинская революция | |
| e | Признак/вид подборки | Тематические подборки | ||
| 900 | a | Имя электронного ресурса | obl_Human_Heritage (1) | |
| x | Справочная информация | Обложка | ||
| 901 | t | Тип документа | m | |
| 952 | a | Тип литературы для КСУ ВШ | УИ | |
| 990 | 00 | j | Количество экземпляров (DOS) | 1 |